Medieval miniatures : from the Department of Manuscripts (formerly the "Library of Burgundy") the Royal Library of Belgium /

Bibliographic Details
Corporate Author: Brussels. Bibliotheque royale de Belgique. Section des manuscrits
Other Authors: Delaissé, L. M. J.
Format: Book
Language:English
Published: New York : H. N. Abrams, [1965]
Subjects:

MARC

Tag First Indicator Second Indicator Subfields
LEADER 00000cam a2200000 4500
001 in00000080407
005 20151008052916.0
008 711214s1965 nyu 00000 eng u
010 |a  65012094  
035 |a (OCoLC)00182418 
035 |9 AAH5402AM 
040 |c CSU  |d MUS  |d OCL  |d TXA  |d UtOrBLW 
049 |a TXAM  |c [464523] 
050 0 |a ND2898.B7  |b A5213 
082 0 |a 096 
092 |a 096  |b B912m 
110 1 |a Brussels.  |b Bibliotheque royale de Belgique.  |b Section des manuscrits. 
245 1 0 |a Medieval miniatures :  |b from the Department of Manuscripts (formerly the "Library of Burgundy") the Royal Library of Belgium /  |c Commentaries by L. M. J. Delaisse. Foreword by H. Liebaers; introd. by F. Masai. 
264 1 |a New York :  |b H. N. Abrams,  |c [1965] 
300 |a 216 pages :  |b mounted color illustrations ;  |c 31 cm. 
336 |a text  |b txt  |2 rdacontent 
337 |a unmediated  |b n  |2 rdamedia 
338 |a volume  |b nc  |2 rdacarrier 
500 |a Translation of miniatures medievales de la Librairie de Bourgogne au Cabinet des manuscrits de la Bibliotheque royale de Belgique. 
650 0 |a Illumination of books and manuscripts  |v Specimens. 
700 1 |a Delaissé, L. M. J. 
999 |a MARS 
999 f f |s 0536ce14-0236-36f2-bcea-68b28b3e6fa8  |i 0acc61b0-88d6-3c59-b325-e16379b198a2  |t 0 
952 f f |p ric  |a Texas A&M University  |b Rellis Campus  |c Joint Library Facility  |d Remote Storage  |t 0  |e ND2898.B7 A5213  |h Library of Congress classification  |i unmediated -- volume  |m A14800503699 
998 f f |a ND2898.B7 A5213  |t 0  |l Remote Storage